00958nam a2200217 i 4500001000400000245014100004260003600145300002600181490005800207505005100265650009400316650004800410650004600458700002200504830004400526020001500570040000800585041000800593008004100601856009800642bgj00aMedieval Literature.nP. 2,pThe European Inheritance : with an anthology of medieval literature in the vernacular /ced. by Boris Ford. aLondon :bPenguin Books,c1990. a626, [1] pp ;c20 cm.1 aThe New Pelican Guide to English Literature ;vvol. 1 aIncludes index and bibliographical references. 9aEnglish literatureaEnglish literaturexMiddle EnglishxHistory and crititcismy1100-1500 9aLiterature, MedievalxHistory and criticism 9aEnglish literaturexHistory and criticism1 aFORD, Boris.eed. aNew Pelican Guide to English Literature a0140138072 cBPK0 aeng s uk f |000 0 eng  uhttp://koha.tu.koszalin.pl/cgi-bin/koha/opac-detail.pl?biblionumber=48433yKatalog online BPK